[Event "AUS-ch Minor"]
[Site "Cammeray"]
[Date "2013.01.08"]
[Round "7"]
[White "Baker, John A"]
[Black "Accola, Tom"]
[Result "0-1"]
[WhiteElo "1181"]
[BlackElo "1009"]
[PlyCount "116"]
[EventDate "2013.01.02"]
[EventType "swiss"]
[EventRounds "11"]
[EventCountry "AUS"]
[SourceTitle "EXT 2022"]
[Source "ChessBase"]
[SourceDate "2021.10.06"]
[SourceVersion "1"]
[SourceVersionDate "2021.10.06"]
[SourceQuality "1"]

1. d4 d5 2. Nf3 Nf6 3. Bg5 Bg4 4. e3 e6 5. Be2 Be7 6. 0-0 0-0 7. Nc3 Nbd7 8. Ne5 Bxe2 9. Qxe2 c5 10. Nxd7 Nxd7 11. Bxe7 Qxe7 12. Rad1 cxd4 13. Rxd4 Nf6 14. Rd2 Rac8 15. a3 Rc4 16. Rd4 Rxd4 17. exd4 a6 18. Re1 Rc8 19. f3 h6 20. Nb1 Qc7 21. c3 Nh5 22. Qe5 Nf6 23. Qxc7 Rxc7 24. g4 Nh7 25. f4 Nf6 26. h3 Ne4 27. Re2 Ng3 28. Rg2 Ne4 29. Nd2 Nd6 30. h4 f6 31. Re2 Re7 32. Kf2 Nf7 33. Nf3 Kf8 34. h5 Nh8 35. Nh4 Kf7 36. Kg3 Re8 37. Rf2 Rg8 38. Re2 Re8 39. f5 e5 40. dxe5 Rxe5 41. Rxe5 fxe5 42. Kf3 Kf6 43. Kg3 Nf7 44. Nf3 e4 45. Nd4 Nd6 46. Kf4 Nc4 47. Ne6 Nxb2 48. g5+ hxg5+ 49. Nxg5 b5 50. Nh7+ Ke7 51. Ke5 e3 52. Ng5 e2 53. Nf3 Na4 54. f6+ gxf6+ 55. Kf5 Kf7 56. h6 Kg8 57. Kxf6 Kh7 58. Kg5 Nxc3 0-1

[Event "AUS-ch Minor"]
[Site "Cammeray"]
[Date "2013.01.03"]
[Round "2"]
[White "Ombina, Edward P"]
[Black "Baker, John A"]
[Result "1-0"]
[WhiteElo "1415"]
[BlackElo "1181"]
[PlyCount "73"]
[EventDate "2013.01.02"]
[EventType "swiss"]
[EventRounds "11"]
[EventCountry "AUS"]
[SourceTitle "EXT 2022"]
[Source "ChessBase"]
[SourceDate "2021.10.06"]
[SourceVersion "1"]
[SourceVersionDate "2021.10.06"]
[SourceQuality "1"]

1. e4 c6 2. d4 d5 3. Nc3 g6 4. Nf3 Bg7 5. e5 h5 6. h3 Nh6 7. Bd3 Nf5 8. Ne2 e6 9. h4 Bh6 10. Bg5 Qb6 11. b3 c5 12. c3 Nc6 13. 0-0 cxd4 14. cxd4 Ncxd4 15. Nexd4 Nxd4 16. Nxd4 Bd7 17. Be2 Rc8 18. Qd2 Bxg5 19. hxg5 a6 20. Rac1 Ke7 21. Qf4 Ke8 22. Rxc8+ Bxc8 23. Rc1 Bd7 24. Qf6 Rf8 25. Qf4 Qa5 26. a4 Qb6 27. Qe3 Qd8 28. Nf3 Qb8 29. Qc5 b6 30. Qc7 Qxc7 31. Rxc7 Ke7 32. Bxa6 Rd8 33. Nd4 Kf8 34. f4 Kg7 35. b4 h4 36. Kh2 Be8 37. Nxe6+ 1-0

[Event "Sydney Centenary U1600"]
[Site "Sydney"]
[Date "2009.01.04"]
[Round "5"]
[White "Ren, Jonathan"]
[Black "Baker, John A"]
[Result "1/2-1/2"]
[WhiteElo "1392"]
[BlackElo "1276"]
[PlyCount "55"]
[EventDate "2009.01.02"]
[EventType "swiss"]
[EventRounds "11"]
[EventCountry "AUS"]
[SourceTitle "EXT 2023"]
[Source "ChessBase"]
[SourceDate "2022.10.05"]
[SourceVersion "1"]
[SourceVersionDate "2022.10.05"]
[SourceQuality "1"]

1. e4 c5 2. c3 d6 3. d4 cxd4 4. cxd4 Nc6 5. Nf3 Nf6 6. Bd3 g6 7. h3 Bg7 8. Be3 0-0 9. Nc3 a6 10. 0-0 e6 11. Rc1 Bd7 12. Bf4 e5 13. dxe5 dxe5 14. Nxe5 Nh5 15. Nxc6 Bxc6 16. Be3 Re8 17. f3 Qd7 18. Bc4 Rad8 19. Bg5 Bd4+ 20. Kh2 Qc7+ 21. f4 Bg1+ 22. Kxg1 Rxd1 23. Rfxd1 Qb6+ 24. Kh2 Qf2 25. Rf1 Qb6 26. f5 Qc7+ 27. Kg1 Kh8 28. fxg6 1/2-1/2